| 000 | 00353nam a22001457a 4500 | ||
|---|---|---|---|
| 003 | OSt | ||
| 005 | 20220218092526.0 | ||
| 008 | 220218b |||||||| |||| 00| 0 eng d | ||
| 020 | _a9781420089271 | ||
| 040 | _cHU | ||
| 082 |
_23rd _a658.5752 |
||
| 100 |
_aBoothroyd _930784 |
||
| 245 | _aProduct Design For Manufacture & Assembly | ||
| 942 |
_2ddc _cBOOKS _n0 |
||
| 999 |
_c30729 _d30729 |
||